| 000 | 00648 a2200193 4500 | ||
|---|---|---|---|
| 999 |
_c7541 _d7541 |
||
| 010 | _aENG-88064 | ||
| 020 |
_a8188973610 _c175.00 |
||
| 035 | _aEN-71597 | ||
| 037 | _bDBAD / PUB | ||
| 082 | 1 | 4 | _a615.7 |
| 100 | 1 | _aMira Shiva | |
| 245 | 1 |
_aBanned and Bannable drugs : _bunbiased drug information essential drugs and rational drug policy / _cby Mira Shiva [and] Wishvas Rane |
|
| 250 | _a5th rev. ed | ||
| 260 |
_aNew Delhi _bVoluntary Health Association of india _c2004 |
||
| 270 |
_aB-40, Qutab Institutional Area _bNew Delhi |
||
| 300 |
_a295 p. _c24 cm (Pbk) |
||
| 700 | 1 | _aRane, Wishvas | |
| 942 |
_adpl _cEN _2ddc _h615.7 _mMIR |
||